000 00510nam a2200181Ia 4500
005 20250326145005.0
008 250326s9999 xx 000 0 und d
037 _aTextbook
040 _aFMSL
_beng
_cFMSL
041 _aeng
_2eng
084 _aX9B.44 M8
_qFMSL
100 _aPattanaik S M
_9241524
245 0 _aDevelopment strategy for small industries
_cPattanaik S M
260 _aDelhi
_bDelhi, Himalaya
_c1988
300 _axi,204
942 _cTB
_hX9B.44 M8
999 _c1305941
_d1305941